[Event "DRUZYNOWE MISTRZOSTWA POLSKI 2014 - SYGNITY EKSTRALIGA"]
[Site "Gorzow Wlkp, Wroclaw, Katowice"]
[Date "2014-00-00"]
[Round "6.22"]
[White "Wiewiora, Eneasz"]
[Black "Brzeski, Maciej"]
[Result "1-0"]
[WhiteTitle "k"]
[BlackTitle "m"]
[WhiteElo "2218"]
[BlackElo "2333"]

1. e4 c5 2. c3 d5 3. exd5 Qxd5 4. d4 Nc6 5. Nf3 Nf6 6. Be2 Bf5 7. O-O e6 8. Na3
a6 9. Nc4 Qd8 10. Nfe5 cxd4 11. Nxc6 bxc6 12. Bf3 Be4 13. Bxe4 Nxe4 14. Qf3 f5
15. Rd1 Bc5 16. cxd4 Bxd4 17. Be3 c5 18. Bxd4 cxd4 19. Qa3 Qc7 20. Rac1 Qc5 21.
Qxc5 Nxc5 22. Nb6 Rb8 23. Rxc5 Ke7 24. Nc4 Rhc8 25. Rxc8 Rxc8 26. b3 Rd8 27. f4
g5 28. fxg5 Rd5 29. Re1 f4 30. h4 h6 31. gxh6 Rh5 32. Re4 Rxh4 33. Rxd4 Kf6 34.
g3 1-0

[Event "DRUZYNOWE MISTRZOSTWA POLSKI 2014 - SYGNITY EKSTRALIGA"]
[Site "Gorzow Wlkp, Wroclaw, Katowice"]
[Date "2014-00-00"]
[Round "6.23"]
[White "Barski, Radoslaw"]
[Black "Raszka, Janusz"]
[Result "1-0"]
[WhiteTitle "k++"]
[BlackTitle "k"]
[WhiteElo "2263"]
[BlackElo "2101"]

1. e4 e6 2. d4 d5 3. Nd2 Nf6 4. e5 Nfd7 5. f4 c5 6. c3 Nc6 7. Ndf3 cxd4 8. cxd4
Qb6 9. a3 f6 10. Bd3 Be7 11. Ne2 O-O 12. b4 a6 13. Qc2 f5 14. Kf2 g5 15. h3 Rf7
16. Be3 gxf4 17. Nxf4 Nf8 18. g4 Ng6 19. Nxg6 hxg6 20. gxf5 gxf5 21. Rag1+ Kf8
22. Ke2 Ke8 23. h4 Bd7 24. h5 Rc8 25. Rg8+ Bf8 26. h6 Ne7 27. Qd1 Nxg8 28. h7
Rxh7 29. Rxh7 Ne7 30. Bg5 Bb5 31. Bxb5+ Qxb5+ 32. Kf2 Rc3 33. Qh1 Kd7 34. Rf7
Rc2+ 35. Kg3 f4+ 36. Bxf4 Qd3 37. Qh5 Qf1 38. Kg4 Rg2+ 39. Bg3 Qf2 40. Qh3 Ke8
41. Rf6 Nf5 42. Qh5+ Kd8 43. Rxf8+ Kc7 44. Qf7+ Kb6 45. Qxe6+ Ka7 46. Qxf5 Rxg3+
47. Kh5 Qf1 48. Ng5 Qe2+ 49. Kg6 Rxa3 50. e6 Rb3 51. Qxd5 1-0

[Event "DRUZYNOWE MISTRZOSTWA POLSKI 2014 - SYGNITY EKSTRALIGA"]
[Site "Gorzow Wlkp, Wroclaw, Katowice"]
[Date "2014-00-00"]
[Round "6.24"]
[White "Mareckova, Martina"]
[Black "Kulon, Klaudia"]
[Result "0-1"]
[WhiteTitle "WFM"]
[BlackTitle "WIM"]
[WhiteElo "2097"]
[BlackElo "2378"]

1. e4 c5 2. Nc3 g6 3. g3 Bg7 4. Bg2 Nc6 5. d3 Rb8 6. Be3 b5 7. Qd2 b4 8. Nd1 d6
9. Ne2 h5 10. h3 e5 11. f4 Nge7 12. O-O Bd7 13. c3 Qa5 14. fxe5 Nxe5 15. c4 O-O
16. Nf4 Qc7 17. Bf2 a5 18. Ne3 Kh7 19. Qe2 a4 20. Rad1 N5c6 21. Ned5 Nxd5 22.
Nxd5 Qc8 23. Kh2 Be5 24. h4 Kg7 25. Be3 Bg4 26. Bf3 Bxf3 27. Rxf3 Qg4 28. Qf2
Qxh4+ 29. Kg2 Qg4 30. Rf1 Rb7 31. Qd2 Rh8 32. Qf2 Qe6 33. Rh1 Nd4 34. Bxd4 Bxd4
35. Qd2 Qe5 36. Rb1 h4 37. g4 h3+ 38. Kh1 h2 39. Qg2 Qg5 40. Rh3 Rxh3 41. Qxh3
Bxb2 42. Qxh2 Be5 43. Qg2 Rb8 0-1

[Event "DRUZYNOWE MISTRZOSTWA POLSKI 2014 - SYGNITY EKSTRALIGA"]
[Site "Gorzow Wlkp, Wroclaw, Katowice"]
[Date "2014-00-00"]
[Round "6.25"]
[White "Navara, David"]
[Black "Maksimenko, Andrei"]
[Result "1-0"]
[WhiteTitle "GM"]
[BlackTitle "GM"]
[WhiteElo "2718"]
[BlackElo "2493"]

1. e4 c5 2. Nf3 d6 3. d4 cxd4 4. Nxd4 Nf6 5. Nc3 a6 6. Be2 e6 7. O-O Be7 8. f4
Qc7 9. Qe1 O-O 10. Qg3 Nc6 11. Be3 Nxd4 12. Bxd4 b5 13. a3 Bb7 14. Rae1 Rad8 15.
Kh1 Rd7 16. Bd3 Re8 17. Re3 g6 18. Ref3 Bd8 19. f5 exf5 20. Rxf5 Nxe4 21. Bxe4
Bxe4 22. Rh5 Qc4 23. Rd1 f5 24. Rxh7 Rxh7 25. Qxg6+ Kf8 26. Qxh7 Re7 27. Qh8+
Qg8 28. Qh6+ Ke8 29. Nxe4 Rxe4 30. Qxd6 Qg4 31. Bc5 Be7 32. Qd7+ Kf8 33. Rf1 1-0

[Event "DRUZYNOWE MISTRZOSTWA POLSKI 2014 - SYGNITY EKSTRALIGA"]
[Site "Gorzow Wlkp, Wroclaw, Katowice"]
[Date "2014-00-00"]
[Round "6.26"]
[White "Heberla, Bartlomiej"]
[Black "Gajewski, Grzegorz"]
[Result "1/2-1/2"]
[WhiteTitle "GM"]
[BlackTitle "GM"]
[WhiteElo "2567"]
[BlackElo "2643"]

1. e4 c5 2. Nf3 e6 3. g3 Nc6 4. Bg2 Nf6 5. Qe2 e5 6. O-O Be7 7. c3 d6 8. Rd1 O-O
9. h3 Re8 10. d4 exd4 11. cxd4 cxd4 12. Nxd4 Nxd4 13. Rxd4 d5 14. Rd1 Qb6 15.
Nc3 dxe4 16. Be3 Qa5 17. Nxe4 Be6 18. Nc3 Bc5 19. Bxc5 Qxc5 20. Qb5 Qc7 21. Rac1
Rac8 22. Qxb7 Qxb7 23. Bxb7 Rb8 24. Bc6 Rec8 25. Nb5 a6 26. Nd6 Rd8 27. b3 Bxh3
28. Nc4 h5 29. Na5 Bg4 30. f3 Bd7 31. Bb7 Re8 32. Re1 Rxe1+ 33. Rxe1 Bc8 34. Bc6
Bd7 35. Bb7 Bc8 36. Bc6 Bd7 37. Rd1 Bxc6 38. Nxc6 Re8 39. Kf2 Re6 40. Rd8+ Kh7
41. Nd4 Re5 42. Ra8 a5 43. Ra7 Kg6 44. Ne2 Rb5 45. Nf4+ Kh6 46. Nd3 Rd5 47. Ke3
Rg5 48. Kf2 Rd5 49. Ke3 Rg5 50. a4 Rxg3 51. Rxa5 h4 52. Nf2 g5 53. Ra6 Kg7 54.
Rxf6 Kxf6 55. Ne4+ Ke5 56. Nxg3 hxg3 57. a5 Kd6 58. Ke2 1/2-1/2

[Event "DRUZYNOWE MISTRZOSTWA POLSKI 2014 - SYGNITY EKSTRALIGA"]
[Site "Gorzow Wlkp, Wroclaw, Katowice"]
[Date "2014-00-00"]
[Round "6.27"]
[White "Socko, Bartosz"]
[Black "Antoniewski, Rafal"]
[Result "1/2-1/2"]
[WhiteTitle "GM"]
[BlackTitle "GM"]
[WhiteElo "2611"]
[BlackElo "2552"]

1. d4 d5 2. c4 e6 3. Nc3 Bb4 4. Nf3 Nf6 5. Qb3 c5 6. dxc5 Nc6 7. Bg5 dxc4 8. Qxc4
Qa5 9. Bxf6 gxf6 10. Rc1 Bxc5 11. a3 Be7 12. g3 O-O 13. Bg2 Bd7 14. O-O Rac8 15.
Rfd1 Rfd8 16. Qh4 Be8 17. Ne4 Rxd1+ 18. Rxd1 Rd8 19. Rc1 Kg7 20. Qg4+ Kh8 21.
Qf4 Kg7 22. Qg4+ Kh8 23. Qf4 Kg7 24. Qg4+ 1/2-1/2

[Event "DRUZYNOWE MISTRZOSTWA POLSKI 2014 - SYGNITY EKSTRALIGA"]
[Site "Gorzow Wlkp, Wroclaw, Katowice"]
[Date "2014-00-00"]
[Round "6.28"]
[White "Bobras, Piotr"]
[Black "Miton, Kamil"]
[Result "1/2-1/2"]
[WhiteTitle "GM"]
[BlackTitle "GM"]
[WhiteElo "2535"]
[BlackElo "2593"]

1. e4 e6 2. d4 d5 3. Nc3 Bb4 4. e5 c5 5. a3 Bxc3+ 6. bxc3 Ne7 7. Qg4 O-O 8. Bd3
f5 9. exf6 Rxf6 10. Bg5 Rf7 11. Qh4 h6 12. Nf3 Nbc6 13. Bxe7 Qxe7 14. Qxe7 Rxe7
15. Rb1 e5 16. Nxe5 cxd4 17. cxd4 Nxd4 18. f4 Nc6 19. Kd2 Nxe5 20. fxe5 Rxe5 21.
Rhe1 Rxe1 22. Rxe1 Kf7 23. Rf1+ Ke7 24. Re1+ Kf7 25. Rf1+ Ke7 26. Re1+ Kf7 1/2-1/2

[Event "DRUZYNOWE MISTRZOSTWA POLSKI 2014 - SYGNITY EKSTRALIGA"]
[Site "Gorzow Wlkp, Wroclaw, Katowice"]
[Date "2014-00-00"]
[Round "6.29"]
[White "Bulski, Krzysztof"]
[Black "Jaracz, Pawel"]
[Result "1/2-1/2"]
[WhiteTitle "GM"]
[BlackTitle "GM"]
[WhiteElo "2520"]
[BlackElo "2505"]

1. e4 c5 2. Nf3 e6 3. d4 cxd4 4. Nxd4 Nc6 5. Nc3 a6 6. Be2 d6 7. Be3 Nf6 8. O-O
Be7 9. f4 O-O 10. Kh1 Bd7 11. a4 Nxd4 12. Bxd4 Bc6 13. Bf3 Qc7 14. a5 Nd7 15.
Be3 b5 16. Qd2 Nf6 17. Qd4 Nd7 18. Qd2 Nf6 19. Qd4 Nd7 20. Qd2 Nf6 21. Qd4 Nd7
1/2-1/2

[Event "DRUZYNOWE MISTRZOSTWA POLSKI 2014 - SYGNITY EKSTRALIGA"]
[Site "Gorzow Wlkp, Wroclaw, Katowice"]
[Date "2014-00-00"]
[Round "6.30"]
[White "Jaracz, Barbara"]
[Black "Socko, Monika"]
[Result "1/2-1/2"]
[WhiteTitle "WGM"]
[BlackTitle "GM"]
[WhiteElo "2253"]
[BlackElo "2460"]

1. e4 c6 2. c4 g6 3. Nf3 Bg7 4. d4 d6 5. h3 Nf6 6. Nc3 a6 7. Be2 Qc7 8. O-O Nbd7
9. Be3 O-O 10. Qd2 b5 11. cxb5 axb5 12. a3 Nb6 13. Bh6 Be6 14. Bxg7 Kxg7 15. Qe3
Bc4 16. Nd2 Bxe2 17. Qxe2 e5 18. dxe5 dxe5 19. Rac1 Qe7 20. Na2 Rac8 21. Rc2 Rfd8
22. Rfc1 Nh5 23. g3 Rd6 24. Nb4 c5 25. Nd5 Nxd5 26. exd5 c4 27. b3 Rxd5 28. bxc4
Rdc5 29. Ne4 Rxc4 30. Rxc4 Rxc4 31. Rxc4 bxc4 32. Qxc4 Qxa3 33. Qc7 Qa1+ 34. Kg2
Qd4 35. Qc6 Qd8 36. Qc5 Qe8 37. Qd6 f6 38. Kh2 Qf7 39. Nc5 Qa7 40. Ne6+ Kf7 41.
Nc5 g5 42. Kg1 Qa1+ 43. Kg2 Qa8+ 44. Kg1 Qa1+ 45. Kg2 Qa8+ 46. Kg1 Qe8 47. Qd5+
Kg6 48. Qd3+ Kh6 49. Qd6 Qf7 50. Ne4 Kg6 51. Qd3 f5 52. Nd6 Qe6 53. g4 Ng7 54.
Kg2 h6 55. f3 Kf6 56. Kg1 h5 57. gxf5 Nxf5 58. Nxf5 Qxf5 59. Qd8+ Kf7 60. Qd5+
Qe6 61. Qb7+ Kf6 62. Kg2 Qa2+ 63. Kg1 Qc4 64. Qa8 Qd4+ 65. Kg2 Qd2+ 66. Kf1 Qc1+
67. Kg2 Qc2+ 68. Kf1 Qc4+ 69. Kf2 Kg7 70. Qe8 Qc5+ 71. Kf1 h4 72. Qd7+ Kf6 73.
Qd3 Qc1+ 74. Kg2 Qb2+ 75. Kf1 Qd4 76. Qh7 Qf4 77. Qh8+ Ke7 78. Qg7+ Kd6 79. Qg6+
Kc5 80. Qd3 Qc1+ 81. Kf2 Qb2+ 82. Kf1 Qd4 83. Qh7 Qd1+ 84. Kf2 Qd2+ 85. Kf1 Qd5
86. Ke2 Qc4+ 87. Kf2 Qd4+ 88. Ke2 Qb2+ 89. Ke3 Qb6 90. Ke2 Qa6+ 91. Kf2 Qe6 92.
Qa7+ Kb5 93. Qb7+ Kc4 94. Qe4+ Kc5 95. Qe3+ Kd6 96. Qb6+ Ke7 97. Qc7+ Kf6 98.
Qd8+ Kg6 99. Qd3+ Kh6 100. Kg2 Qa2+ 101. Kf1 Qa1+ 102. Kg2 Qd4 103. Qa6+ Kg7 104.
Qb7+ Kf6 105. Qc8 Qb2+ 106. Kf1 Qb5+ 107. Kf2 Qb6+ 108. Ke2 Ke7 109. Qf5 Qb2+
110. Kf1 Qc1+ 111. Ke2 Qf4 112. Qc8 Qh2+ 113. Ke3 Qg1+ 114. Ke2 Qa7 115. Qf5 Qa6+
116. Ke3 Qb6+ 117. Ke2 Qb5+ 118. Ke3 Qc5+ 119. Ke2 Qc4+ 120. Kf2 Qf4 121. Qh7+
Kd6 122. Qg6+ 1/2-1/2

[Event "DRUZYNOWE MISTRZOSTWA POLSKI 2014 - SYGNITY EKSTRALIGA"]
[Site "Gorzow Wlkp, Wroclaw, Katowice"]
[Date "2014-00-00"]
[Round "7.1"]
[White "Maksimenko, Andrei"]
[Black "Kempinski, Robert"]
[Result "1/2-1/2"]
[WhiteTitle "GM"]
[BlackTitle "GM"]
[WhiteElo "2493"]
[BlackElo "2620"]

1. d4 d5 2. c4 c6 3. Nf3 Nf6 4. Nc3 e6 5. e3 a6 6. b3 Bb4 7. Bd2 O-O 8. Bd3 Nbd7
9. O-O Bd6 10. Qc2 h6 11. Rad1 e5 12. cxd5 cxd5 13. e4 dxe4 14. Nxe4 Nxe4 15.
Bxe4 exd4 16. Nxd4 Nf6 17. Nf5 Nxe4 18. Qxe4 Re8 19. Qf3 Bxf5 20. Qxf5 Qc8 21.
Qxc8 Raxc8 22. Bxh6 Bxh2+ 23. Kxh2 gxh6 24. Rd2 Re6 25. f3 Kg7 26. Rff2 Rc5 27.
Rd4 Rh5+ 28. Kg3 Rg5+ 29. Kf4 Rf6+ 30. Ke3 Re6+ 31. Re4 Rc6 32. Rd2 Rgg6 33. g4
Rge6 34. Rxe6 Rxe6+ 35. Kf4 Rf6+ 36. Ke4 Re6+ 37. Kf5 Rf6+ 38. Ke4 Re6+ 39. Kf5
Rf6+ 40. Ke4 Re6+ 1/2-1/2

[Event "DRUZYNOWE MISTRZOSTWA POLSKI 2014 - SYGNITY EKSTRALIGA"]
[Site "Gorzow Wlkp, Wroclaw, Katowice"]
[Date "2014-00-00"]
[Round "7.2"]
[White "Markowski, Tomasz"]
[Black "Heberla, Bartlomiej"]
[Result "0-1"]
[WhiteTitle "GM"]
[BlackTitle "GM"]
[WhiteElo "2575"]
[BlackElo "2567"]

1. g3 c5 2. Bg2 g6 3. c4 Bg7 4. Nc3 Nc6 5. e3 d6 6. Nge2 e5 7. O-O Nge7 8. d3 O-O
9. b3 Be6 10. Nd5 e4 11. Rb1 exd3 12. Qxd3 Nxd5 13. cxd5 Ne5 14. Qc2 Bd7 15. h3
Bb5 16. Rd1 Bxe2 17. Qxe2 Re8 18. Bb2 Rb8 19. h4 f5 20. b4 Nd7 21. Ba3 b6 22.
Rdc1 Qe7 23. Qb5 Rbc8 24. Qa6 Rc7 25. bxc5 bxc5 26. Bb4 Ne5 27. Ba5 Rd7 28. Rc2
Ng4 29. Rb3 g5 30. hxg5 Qxg5 31. Qc6 Ne5 32. Qa4 Qh5 33. Rb1 Rde7 34. Bd2 Ng4
35. Qa6 Be5 36. Rc4 Qh2+ 37. Kf1 Bxg3 38. fxg3 Qxg3 39. Rxg4+ fxg4 40. Kg1 Rxe3
41. Bxe3 Qxe3+ 42. Kh2 Qf4+ 43. Kg1 Qe3+ 44. Kh2 Qh6+ 45. Kg3 Re3+ 46. Kf2 g3+
47. Kf1 Qf4+ 48. Kg1 Qd4 0-1

[Event "DRUZYNOWE MISTRZOSTWA POLSKI 2014 - SYGNITY EKSTRALIGA"]
[Site "Gorzow Wlkp, Wroclaw, Katowice"]
[Date "2014-00-00"]
[Round "7.3"]
[White "Bobras, Piotr"]
[Black "Olszewski, Michal"]
[Result "1/2-1/2"]
[WhiteTitle "GM"]
[BlackTitle "GM"]
[WhiteElo "2535"]
[BlackElo "2549"]

1. e4 c5 2. Nf3 d6 3. d4 cxd4 4. Nxd4 Nf6 5. Nc3 a6 6. Bg5 Nbd7 7. Bc4 Qb6 8. Bb3
e6 9. O-O Be7 10. Be3 Nc5 11. f4 Qc7 12. f5 O-O 13. fxe6 fxe6 14. Nf5 Nxb3 15.
Nxe7+ Qxe7 16. axb3 h6 17. Nb5 Nxe4 18. Rxf8+ Qxf8 19. Qd4 Bd7 20. Nc7 Rc8 21.
Nxe6 Bxe6 22. Qxe4 Qf5 23. Qxf5 Bxf5 24. c3 Bc2 25. b4 Re8 26. Kf2 Rf8+ 27. Ke2
Be4 28. g3 Rf5 29. Ra5 Kf7 30. Rxf5+ Bxf5 31. h4 Ke6 32. Bd4 g6 33. Be3 h5 34.
Bf4 Kd5 35. Ke3 b5 36. Kd2 Bg4 37. Ke3 Bf5 38. Kd2 Bg4 39. Ke3 Bf5 40. Kd2 Bg4
41. Ke3 1/2-1/2

[Event "DRUZYNOWE MISTRZOSTWA POLSKI 2014 - SYGNITY EKSTRALIGA"]
[Site "Gorzow Wlkp, Wroclaw, Katowice"]
[Date "2014-00-00"]
[Round "7.4"]
[White "Szelag, Marcin"]
[Black "Jaracz, Pawel"]
[Result "1/2-1/2"]
[WhiteTitle "IM"]
[BlackTitle "GM"]
[WhiteElo "2456"]
[BlackElo "2505"]

1. e4 c5 2. Nf3 Nc6 3. Nc3 g6 4. d4 cxd4 5. Nxd4 Bg7 6. Be3 Nf6 7. Bc4 Qa5 8. O-O
O-O 9. Bb3 d6 10. h3 Bd7 11. Re1 Rfc8 12. Qd3 Rab8 13. Rad1 b5 14. Qf1 b4 15.
Ncb5 Nxd4 16. Nxd4 Nxe4 17. Bf4 Bxd4 18. Rxe4 Bf6 19. Qe1 Ba4 20. Rd5 Qa6 21.
Rxe7 Bxe7 22. Qxe7 Re8 23. Rxd6 Rxe7 24. Rxa6 Bb5 25. Ra5 Rbb7 26. Bd5 Rb6 27.
Be3 Bc6 28. Bc5 Rd7 29. Rxa7 Rxa7 30. Bxb6 Rb7 31. Bxc6 Rxb6 32. Ba4 Re6 33. Kf1
Kf8 34. Bb3 Re5 35. h4 Ke7 36. g3 f5 37. c3 bxc3 38. bxc3 Kd6 39. Kg2 Re1 40.
Bg8 Re7 41. c4 Rg7 42. Bd5 Ra7 43. Bg8 h6 44. Kf3 Ke5 45. Kg2 Rxa2 46. Bf7 Kf6
47. Bd5 Ke5 48. Bf7 g5 49. hxg5 hxg5 50. Bd5 g4 51. Bb7 Kd4 52. c5 Kxc5 1/2-1/2

[Event "DRUZYNOWE MISTRZOSTWA POLSKI 2014 - SYGNITY EKSTRALIGA"]
[Site "Gorzow Wlkp, Wroclaw, Katowice"]
[Date "2014-00-00"]
[Round "7.5"]
[White "Grabarczyk, Miroslaw"]
[Black "Tomczak, Jacek"]
[Result "0-1"]
[WhiteTitle "GM"]
[BlackTitle "GM"]
[WhiteElo "2480"]
[BlackElo "2560"]

1. d4 Nf6 2. c4 e6 3. Nf3 Bb4+ 4. Bd2 Qe7 5. g3 Bxd2+ 6. Qxd2 Nc6 7. Nc3 d5 8.
cxd5 exd5 9. Bg2 Bg4 10. O-O O-O-O 11. Rac1 Rhe8 12. e3 h5 13. Qc2 Kb8 14. a3
Bxf3 15. Bxf3 h4 16. b4 hxg3 17. hxg3 Qd7 18. Kg2 Ne7 19. b5 Nf5 20. Qd3 g6 21.
a4 Re6 22. Ne2 Ne4 23. Nf4 Re7 24. Bxe4 Nh4+ 25. Kh2 dxe4 26. Qe2 Nf3+ 27. Kg2
g5 28. Nh3 Rh8 29. Rh1 f6 30. Qc2 Reh7 31. Qxe4 Nd2 32. Qd3 Rxh3 33. Qxd2 Qd5+
34. f3 g4 35. e4 gxf3+ 36. Kf2 Rh2+ 37. Rxh2 Rxh2+ 38. Kg1 Rxd2 39. exd5 Rxd4
40. Rc3 Rxa4 41. Rxf3 Rd4 42. Rxf6 Kc8 43. Rf5 Kd7 44. Kf2 Kd6 45. Rf6+ Kxd5 46.
Kf3 Kc5 47. Rf7 Kxb5 48. Rxc7 Kb6 49. Rc1 a5 50. g4 a4 51. g5 Ka5 52. g6 a3 53.
g7 Rd8 54. Ke3 Rg8 55. Rg1 Ka4 56. Kd2 a2 57. Kc2 Rxg7 58. Rxg7 a1=Q 59. Rxb7
Qd4 60. Rb2 Qc4+ 61. Kd2 Ka3 62. Rc2 Qd4+ 63. Ke2 Kb3 64. Rd2 Qe4+ 65. Kf2 Kc3
66. Re2 Qf4+ 67. Kg1 Kd3 68. Rf2 Qg4+ 69. Rg2 Qd4+ 70. Kf1 Ke3 71. Rg3+ Kf4 72.
Kg2 Qe4+ 73. Kh2 Qe1 74. Rg7 Qe2+ 75. Kh3 Qe6+ 76. Kg2 Qc6+ 77. Kg1 Qb6+ 0-1

[Event "DRUZYNOWE MISTRZOSTWA POLSKI 2014 - SYGNITY EKSTRALIGA"]
[Site "Gorzow Wlkp, Wroclaw, Katowice"]
[Date "2014-00-00"]
[Round "7.6"]
[White "Chlost, Marlena"]
[Black "Jaracz, Barbara"]
[Result "1/2-1/2"]
[WhiteTitle "WFM"]
[BlackTitle "WGM"]
[WhiteElo "2188"]
[BlackElo "2253"]

1. e4 e5 2. Nf3 Nc6 3. Bb5 a6 4. Ba4 Nf6 5. O-O Nxe4 6. d4 b5 7. Bb3 d5 8. dxe5
Be6 9. Qe2 Be7 10. Rd1 O-O 11. c4 bxc4 12. Bxc4 Bc5 13. Be3 Bxe3 14. Qxe3 Qb8
15. Bb3 Na5 16. Nbd2 Qa7 17. Qxa7 Rxa7 18. Nxe4 Nxb3 19. axb3 dxe4 20. Nd4 c5
21. Nxe6 fxe6 22. Rd6 Raf7 23. Rf1 e3 24. f3 Rf5 25. Rxe6 Kf7 26. Rxa6 Rxe5 27.
Rd1 Rb8 28. Ra7+ Kf8 29. Re1 Rxb3 30. Ra3 Rxa3 31. bxa3 Ke7 32. Kf1 Kd6 33. Ke2
c4 34. Rd1+ Kc6 35. Rd8 Re7 36. a4 Kc5 37. a5 c3 38. Rc8+ Kb4 39. a6 Ra7 40. Kd3
e2 41. Rb8+ Kc5 42. Re8 Kb4 43. Rb8+ Kc5 44. Re8 Kb4 45. Ke4 1/2-1/2

[Event "DRUZYNOWE MISTRZOSTWA POLSKI 2014 - SYGNITY EKSTRALIGA"]
[Site "Gorzow Wlkp, Wroclaw, Katowice"]
[Date "2014-00-00"]
[Round "7.7"]
[White "Kolosowski, Mateusz"]
[Black "Areshchenko, Alexander"]
[Result "0-1"]
[WhiteTitle "IM"]
[BlackTitle "GM"]
[WhiteElo "2471"]
[BlackElo "2654"]

1. d4 Nf6 2. c4 g6 3. g3 c6 4. Nf3 Bg7 5. Bg2 d5 6. b3 O-O 7. O-O dxc4 8. bxc4
c5 9. Bb2 cxd4 10. Nxd4 Qb6 11. Qb3 Nfd7 12. e3 e5 13. Nb5 Nc5 14. Qa3 Be6 15.
Nd2 Rd8 16. Rfd1 Nc6 17. Nc3 Nd3 18. Rab1 Bf8 19. Qb3 Qxb3 20. axb3 Bg4 21. Rf1
Nxb2 22. Rxb2 Kg7 23. Nd5 Rac8 24. Ne4 Be6 25. Nec3 f5 26. Ra1 e4 27. f3 exf3
28. Bxf3 Bf7 29. g4 fxg4 30. Bxg4 Rb8 31. Bh3 a6 32. Rf1 Ne5 33. Nc7 Rd3 34. N3d5
Ba3 35. Rbf2 Bxd5 36. cxd5 Rxe3 37. Ne6+ Kg8 38. Bg2 Bd6 39. Ng5 Ng4 40. Rf7 Nxh2
41. R1f6 Be5 42. d6 Bxf6 43. Rxf6 Ng4 44. Bd5+ Kg7 45. Rf4 Re1+ 46. Kg2 Ne3+ 0-1

[Event "DRUZYNOWE MISTRZOSTWA POLSKI 2014 - SYGNITY EKSTRALIGA"]
[Site "Gorzow Wlkp, Wroclaw, Katowice"]
[Date "2014-00-00"]
[Round "7.8"]
[White "Gajewski, Grzegorz"]
[Black "Kolago, Marcin"]
[Result "1-0"]
[WhiteTitle "GM"]
[BlackTitle "m"]
[WhiteElo "2643"]
[BlackElo "2338"]

1. d4 d6 2. Nf3 Bg4 3. c4 Nd7 4. d5 e5 5. dxe6 fxe6 6. Nd4 Qe7 7. Nc3 Ngf6 8. h3
Bh5 9. g4 Bg6 10. Bg2 c6 11. g5 Nh5 12. e4 e5 13. Nf5 Qe6 14. O-O Nf4 15. Bxf4
exf4 16. Qg4 Qxc4 17. Qxf4 Ne5 18. Qg3 O-O-O 19. Rfd1 Bh5 20. Rd4 Qc5 21. b4 Qb6
22. Rc1 g6 23. Nd5 Qa6 24. Qb3 Be2 25. a4 b5 26. axb5 Bxb5 27. Nfe3 Bg7 28. Nf6
Kb8 29. Qd1 Bf8 30. f4 Nf7 31. e5 d5 32. e6 Nd6 33. Nd7+ Rxd7 34. exd7 Be7 35.
Rxd5 Qb6 36. Qd4 Rd8 37. Rxd6 1-0

[Event "DRUZYNOWE MISTRZOSTWA POLSKI 2014 - SYGNITY EKSTRALIGA"]
[Site "Gorzow Wlkp, Wroclaw, Katowice"]
[Date "2014-00-00"]
[Round "7.9"]
[White "Mulet, Piotr"]
[Black "Socko, Bartosz"]
[Result "0-1"]
[WhiteTitle "FM"]
[BlackTitle "GM"]
[WhiteElo "2227"]
[BlackElo "2611"]

1. e4 c6 2. Nc3 d5 3. Nf3 Bg4 4. Be2 e6 5. O-O Nd7 6. d4 Bb4 7. Ng5 Bxe2 8. Qxe2
h6 9. Qh5 g6 10. Qh3 Qf6 11. Nf3 Bxc3 12. bxc3 dxe4 13. Nd2 Qf5 14. Qe3 Ngf6 15.
Ba3 Nb6 16. Rae1 O-O-O 17. c4 e5 18. d5 cxd5 19. c5 Nc4 20. Nxc4 dxc4 21. Qc3
Qe6 22. Rb1 Rd4 23. Qb4 Qa6 24. c6 Qxc6 25. Qa5 Nd7 26. Bb2 c3 27. Bxc3 Ra4 28.
Qb5 Qxb5 29. Rxb5 Rxa2 30. Bxe5 Nxe5 31. Rxe5 Rxc2 0-1

[Event "DRUZYNOWE MISTRZOSTWA POLSKI 2014 - SYGNITY EKSTRALIGA"]
[Site "Gorzow Wlkp, Wroclaw, Katowice"]
[Date "2014-00-00"]
[Round "7.10"]
[White "Miton, Kamil"]
[Black "Wiewiora, Eneasz"]
[Result "1-0"]
[WhiteTitle "GM"]
[BlackTitle "k"]
[WhiteElo "2593"]
[BlackElo "2218"]

1. d4 Nf6 2. c4 g6 3. Nc3 Bg7 4. e4 d6 5. h3 O-O 6. Be3 e5 7. d5 Na6 8. Bd3 Nc5
9. Bc2 a5 10. Nge2 c6 11. O-O Bd7 12. dxc6 Bxc6 13. f3 Ne6 14. Qd2 Nh5 15. Rad1
Nef4 16. Nxf4 exf4 17. Bd4 Be5 18. c5 Bxd4+ 19. Qxd4 dxc5 20. Qxc5 Qh4 21. Rd6
Ng7 22. Bb3 a4 23. Bd5 Bxd5 24. Nxd5 Rac8 25. Qf2 Qg5 26. Rd7 Rcd8 27. Rxb7 Ne6
28. Qc2 Qe5 29. Qc3 Rxd5 30. exd5 Qxd5 31. Rb4 Qxa2 32. Qa3 Qd5 33. Qxa4 Rd8 34.
Qa7 Kg7 35. Qf2 Nd4 36. Rc1 Qe5 37. Kh2 Nf5 38. Re4 Qd6 39. Qc5 Qxc5 40. Rxc5
Rd2 41. Rxf4 Rxb2 42. Rc7 h5 43. h4 Ra2 44. Rb4 Kf6 45. Rb6+ Kg7 46. Rbb7 Nh6
47. Kh3 Ra3 48. Rc4 Nf5 49. Rcb4 Ra1 50. Rb1 Ra6 51. R7b4 Ra3 52. R1b3 Ra1 53.
Kh2 Ra2 54. Rd3 Kf6 55. Kh3 Kg7 56. Rb7 Ra1 57. g4 hxg4+ 58. fxg4 Nh6 59. g5 Nf5
60. Rdd7 Ra3+ 61. Kh2 Ra2+ 62. Kg1 Ra1+ 63. Kf2 Ra2+ 64. Ke1 Nxh4 65. Rxf7+ Kg8
66. Rg7+ Kf8 67. Rgc7 Ng2+ 68. Kf1 Ne3+ 69. Kg1 Ra8 70. Rh7 Kg8 71. Rbg7+ Kf8
72. Rh8+ Kxg7 73. Rxa8 Kf7 74. Kf2 Nf5 75. Ra6 Nd4 76. Rf6+ Kg7 77. Rd6 Nf5 78.
Rd7+ Kg8 79. Kf3 Ng7 80. Rd6 Kh7 81. Kf4 Nh5+ 82. Ke5 Kg7 83. Rd7+ Kf8 84. Ke6
Kg8 85. Rf7 Kh8 86. Ke7 Kg8 87. Rf8+ Kg7 88. Rf3 Kg8 89. Rf7 Kh8 90. Kf8 Ng7 91.
Rf6 Kh7 92. Kf7 1-0

[Event "DRUZYNOWE MISTRZOSTWA POLSKI 2014 - SYGNITY EKSTRALIGA"]
[Site "Gorzow Wlkp, Wroclaw, Katowice"]
[Date "2014-00-00"]
[Round "7.11"]
[White "Milanowski, Jan"]
[Black "Bulski, Krzysztof"]
[Result "0-1"]
[WhiteTitle "I++"]
[BlackTitle "GM"]
[WhiteElo "1952"]
[BlackElo "2520"]

1. e4 c5 2. c3 g6 3. Nf3 Bg7 4. d3 d5 5. Be2 Nc6 6. O-O e6 7. Re1 Nge7 8. h3 O-O
9. Bf4 b5 10. a3 a5 11. Qc1 Re8 12. Bh6 Bh8 13. Qf4 e5 14. Qc1 Ba6 15. Nbd2 Rc8
16. Ng5 Rc7 17. Qc2 a4 18. Bg4 Qd6 19. exd5 Nxd5 20. Nge4 Qe7 21. Bg5 f6 22. Bh4
Qf8 23. c4 Nd4 24. Qd1 Nf4 25. cxb5 Bxb5 26. Nc4 Bxc4 27. dxc4 f5 28. Qxa4 fxg4
29. hxg4 Rb8 30. Qa5 Nfe6 31. Rab1 Rcb7 32. b4 Ra8 33. Be7 Rxe7 0-1

[Event "DRUZYNOWE MISTRZOSTWA POLSKI 2014 - SYGNITY EKSTRALIGA"]
[Site "Gorzow Wlkp, Wroclaw, Katowice"]
[Date "2014-00-00"]
[Round "7.12"]
[White "Socko, Monika"]
[Black "Mareckova, Martina"]
[Result "1-0"]
[WhiteTitle "GM"]
[BlackTitle "WFM"]
[WhiteElo "2460"]
[BlackElo "2097"]

1. d4 Nf6 2. c4 c5 3. d5 b5 4. cxb5 a6 5. e3 Bb7 6. Nc3 e6 7. e4 axb5 8. Bxb5 Qa5
9. Qe2 Be7 10. Bd2 Qc7 11. Bc4 O-O 12. Nf3 Na6 13. d6 Bxd6 14. Nb5 Qc6 15. Nxd6
Qxd6 16. e5 Bxf3 17. gxf3 Qb6 18. exf6 Qxb2 19. O-O Nb4 20. fxg7 Rfc8 21. Rab1
Qc2 22. Rfc1 Qg6+ 23. Kh1 Nxa2 24. Rg1 Qh5 25. Rg5 Qh3 26. Rg3 Qh5 27. Qf1 d5
28. Rh3 Qe5 29. Bd3 f5 30. Re1 Qb2 31. Rxe6 Qxd2 32. Bxf5 Qc1 33. Re1 Qf4 34.
Bxh7+ 1-0

[Event "DRUZYNOWE MISTRZOSTWA POLSKI 2014 - SYGNITY EKSTRALIGA"]
[Site "Gorzow Wlkp, Wroclaw, Katowice"]
[Date "2014-00-00"]
[Round "7.13"]
[White "Leniart, Arkadiusz"]
[Black "Klekowski, Maciej"]
[Result "1/2-1/2"]
[WhiteTitle "IM"]
[BlackTitle "m"]
[WhiteElo "2481"]
[BlackElo "2425"]

1. e4 c5 2. Ne2 Nc6 3. Nbc3 Nf6 4. g3 d5 5. exd5 Nxd5 6. Bg2 Nxc3 7. Nxc3 g6 8.
d3 Bg7 9. O-O O-O 10. Ne4 Qc7 11. c3 b6 12. Be3 Ba6 13. Qc2 Rad8 14. Rfd1 Qd7
15. Qa4 Nb8 16. Qa3 h6 17. Bf4 Bb5 18. d4 cxd4 19. cxd4 Nc6 20. d5 Nd4 21. Rd2
Ne2+ 22. Kh1 Nxf4 23. gxf4 Qc7 24. Qf3 Ba6 25. f5 Qe5 26. fxg6 fxg6 27. Qg3 Kh7
28. Re1 Rf4 29. Rdd1 Qf5 30. Qa3 Bb5 31. Qb4 Qd7 32. Qd2 Rdf8 33. Re3 Rh4 34.
Rde1 Rf7 35. b3 Qc7 36. Ng3 Qf4 37. a4 Bd7 38. Qd3 Bf5 39. Qf1 Qd6 40. Qe2 Bg4
41. Qd2 Qf4 42. Qd3 Bf5 43. Qe2 Bg4 44. Qd3 1/2-1/2

[Event "DRUZYNOWE MISTRZOSTWA POLSKI 2014 - SYGNITY EKSTRALIGA"]
[Site "Gorzow Wlkp, Wroclaw, Katowice"]
[Date "2014-00-00"]
[Round "7.14"]
[White "Matuszewski, Michal"]
[Black "Kuzmicz, Krystian"]
[Result "1-0"]
[WhiteTitle "IM"]
[BlackTitle "IM"]
[WhiteElo "2450"]
[BlackElo "2457"]

1. d4 Nf6 2. Nf3 c5 3. d5 b5 4. c4 Bb7 5. a4 Qa5+ 6. Bd2 b4 7. Bg5 d6 8. Nbd2 Nbd7
9. e4 g6 10. Bd3 Bg7 11. O-O Qc7 12. h3 h6 13. Be3 O-O-O 14. Nh4 Nh5 15. Ra2 Rdg8
16. Be2 Nhf6 17. b3 g5 18. Nf5 Bf8 19. Ng3 Ne5 20. a5 a6 21. Nf3 Ng6 22. Ne1 Kb8
23. Nd3 Nd7 24. Bh5 Bg7 25. Qc2 Be5 26. Ne2 Ka8 27. Nb2 Nf6 28. Bxg6 Rxg6 29.
Nd3 Nd7 30. Qd1 Rhg8 31. Kh1 Bc8 32. f4 gxf4 33. Nexf4 Rg3 34. Bg1 Bxf4 35. Rxf4
f6 36. Rh4 Qd8 37. Rxh6 Qf8 38. Rh7 f5 39. e5 Rxd3 40. Qxd3 Nxe5 41. Qf1 f4 42.
Bh2 Bf5 43. Rh4 Ng6 44. Rxf4 Nxf4 45. Qxf4 Qc8 46. Qh4 e5 47. Rf2 Qd7 48. g4 Be4+
49. Kg1 Qc7 50. Re2 Bf3 51. Re3 Bd1 52. Qe1 Bc2 53. Qf2 Bg6 54. Qf6 Bc2 55. Bg3
Rg7 56. Rxe5 Bxb3 57. Re8+ Kb7 58. Bxd6 Qd7 59. Rb8+ Ka7 60. Bg3 1-0